000 00318nam a22001337a 4500
008 170913b xxu||||| |||| 00| 0 eng d
020 _a9780130352491
041 _aeng
080 _26 ED
_a53
100 _a43
101 _aFIZ
245 _aPHYSICS POSCKET COMPANION HUMAN DAS
_cGINCOLI
942 _2udc
_cBK
999 _c27402
_d27402